000 00618nam a2200229Ia 4500
003 OSt
005 20221007081010.0
006 a|||||r|||| 00| 0
007 ta
008 221006b |||||||| |||| 00| 0 eng d
024 _a18,860
037 _cTextual
040 _aFLL
_cFLL
_beng
041 _2eng
_aeng
082 _aZ1:21:45, K3
100 _aJennings R.Y. Au.
_9696081
245 0 _aAcquisition of territory
260 _aNew York
_bManchester university press U.S.A.
_c1963
300 _a129p
_ccm.
942 _hZ1:21:45, K3
_cTEXL
_2CC
999 _c1161617
_d1161617